000 00224nam a22001217a 4500
040 _cSY
082 _a 339
100 _aCHHAY KONGKEA
245 _aMicroeconomic
260 _aRUA
_bCHH
_c2013
300 _a61p.
942 _cKB
999 _c8891
_d8891